Statistics for Complete the Movie Title (2015)

Click here to take the quiz!

General Stats

  • This quiz has been taken 94 times
  • The average score is 13 of 25

Answer Stats

HintAnswer% Correct
Jurassic _____World
94%
_____ Transylvania 2Hotel
91%
Star Wars: Episode VII - The _____ AwakensForce
87%
Mad Max: Fury ____Road
78%
Straight Outta _______Compton
76%
Kingsman: The Secret _______Service
73%
The Last _____ HunterWitch
68%
_______ AscendingJupiter
65%
Mission: Impossible - Rogue ______Nation
63%
The Second Best Exotic ________ HotelMarigold
62%
Gods of _____Egypt
59%
______ of SpiesBridge
58%
Alvin and the Chipmunks: The Road ____Chip
56%
The Good ________Dinosaur
55%
In the Heart of the ___Sea
50%
Maze Runner: The Scorch ______Trials
47%
The Little ______Prince
46%
Paper _____Towns
44%
The 5th ____Wave
37%
Lost in _________Hong Kong
35%
Dragon _____Blade
27%
Mojin: The Lost ______Legend
22%
Detective _________Chinatown
19%
Monkey King: ____ Is BackHero
19%
Chronicles of the Ghostly _____Tribe
12%

Score Distribution

Percentile by Number Answered

Percent of People with Each Score

Your Score History

You have not taken this quiz